000 00659cpcaa2200205 4500
001 mm 83086975
003 DLC
005 20260227111721.0
008 830512|||||||||||| eng
010 _amm 83086975
040 _aDLC
_cDLC
_edacs
_dDLC
072 7 _aN
_2lcmd
245 0 0 _aPhysicians account book, Washington, D.C.,
_f1824-1839.
300 _a1
_fitem.
506 0 _aOpen to research.
546 _aCollection material in English.
650 0 _aMedicine
_xPractice
_zWashington (D.C.)
999 _c44051
_d44051